| 000 | 00417nam a2200157Ia 4500 | ||
|---|---|---|---|
| 003 | GCL | ||
| 008 | 140319s9999 xx 000 0 eng d | ||
| 040 |
_aGCL / _cGCL |
||
| 082 | 0 | 4 |
_aCC _b90 _bC C |
| 100 | 1 | _aCH. LEBLANC | |
| 245 | 1 | 0 |
_aCOLLECTION SCIENTIFIQUE: LE RAMESSEUM,TOME 9\1 & 11 / _cCH. LEBLANC |
| 260 |
_a[S.N] : _bC E D A E ، _c1980 |
||
| 300 | _a226+120 PL | ||
| 650 | 0 | 4 | _aCOLLECTIONS |
| 942 |
_2ddc _cBK |
||
| 999 |
_c16928 _d16928 |
||